| 000 | 01173nam a22003258i 4500 | ||
|---|---|---|---|
| 001 | 019283924 | ||
| 003 | EG-ScBUE | ||
| 005 | 20220221115622.0 | ||
| 008 | 190211s2019 onca f b 001 0 eng d | ||
| 020 | _a9781771887106 (hbk.) | ||
| 040 |
_aStDuBDS _beng _erda _cStDuBDS _dEG-ScBUE |
||
| 082 | 0 | 4 |
_a615.19 _222 _bMED |
| 245 | 0 | 0 |
_aMedicinal chemistry with pharmaceutical product development / _cedited by Debarshi Kar Mahapatra, PhD, Sanjay Kumar Bharti, PhD. |
| 264 | 1 |
_aToronto : _bApple Academic Press, _c2019. |
|
| 300 |
_axxii, 367 pages : _billustrations (black and white, and colour) ; _c23 cm |
||
| 336 |
_atext _2rdacontent _btxt |
||
| 336 |
_astill image _2rdacontent _btxt |
||
| 337 |
_aunmediated _2rdamedia _bn |
||
| 338 |
_avolume _2rdacarrier _bnc |
||
| 504 | _aIncludes bibliographical references and index. | ||
| 650 | 7 |
_aPharmaceutical chemistry. _2BUEsh |
|
| 650 | 7 |
_aPharmacology. _2BUEsh |
|
| 653 |
_bPPhrm _cFebruary2022 |
||
| 655 |
_vReading book _934232 |
||
| 700 | 1 |
_aMahapatra, Debarshi Kar, _eeditor. |
|
| 700 | 1 |
_aBharti, Sanjay Kumar, _eeditor. |
|
| 776 | 0 | 8 |
_iebook version : _z9780429947148 |
| 942 |
_2ddc _cBB |
||
| 999 |
_c29799 _d29770 |
||